[Event "Karl Mala Memorial op-B 16th"]
[Site "Frankfurt"]
[Date "2013.07.14"]
[Round "7"]
[White "Peschk, Kathrin"]
[Black "Miketta, Johannes"]
[Result "1-0"]
[WhiteElo "1325"]
[BlackElo "794"]
[PlyCount "43"]
[EventDate "2013.07.11"]
[EventType "swiss"]
[EventRounds "7"]
[EventCountry "GER"]
[SourceTitle "CBM 155 Extra"]
[Source "ChessBase"]
[SourceDate "2013.08.26"]
[SourceVersion "1"]
[SourceVersionDate "2013.08.26"]
[SourceQuality "1"]

1. e4 e5 2. Nf3 Nc6 3. Bc4 Nf6 4. Nc3 Bc5 5. 0-0 0-0 6. d3 d6 7. Be3 Bxe3 8. fxe3 Ng4 9. Qe2 Be6 10. Bb3 Bxb3 11. axb3 Nf6 12. Rad1 d5 13. exd5 Nxd5 14. Qe1 Re8 15. Nxd5 Qxd5 16. Qg3 e4 17. dxe4 Qxe4 18. Ng5 Qxc2 19. Qxc7 Re7 20. Rd7 Rae8 21. Rxe7 Rxe7 22. Qc8+ 1-0

[Event "Karl Mala Memorial op-B 16th"]
[Site "Frankfurt"]
[Date "2013.07.11"]
[Round "1"]
[White "Smith Meyer, Geir"]
[Black "Miketta, Johannes"]
[Result "1-0"]
[WhiteElo "1625"]
[BlackElo "794"]
[PlyCount "99"]
[EventDate "2013.07.11"]
[EventType "swiss"]
[EventRounds "7"]
[EventCountry "GER"]
[SourceTitle "CBM 155 Extra"]
[Source "ChessBase"]
[SourceDate "2013.08.26"]
[SourceVersion "1"]
[SourceVersionDate "2013.08.26"]
[SourceQuality "1"]

1. d4 d5 2. Nf3 Bf5 3. e3 e6 4. Bd3 Bxd3 5. Qxd3 Bb4+ 6. c3 Bd6 7. e4 c6 8. e5 Be7 9. Bf4 Nd7 10. Nbd2 Nb6 11. a4 Nd7 12. h4 Qa5 13. Nb3 Qb6 14. Qc2 Qa6 15. Bg5 Nb6 16. Bxe7 Nxe7 17. Nc5 Qc4 18. Nd2 Qxc5 19. dxc5 Nc4 20. Nxc4 dxc4 21. Rd1 Ng6 22. Qe4 f5 23. exf6 gxf6 24. Qxe6+ Kf8 25. Rd7 Re8 26. Qxe8+ Kxe8 27. Rxb7 Kd8 28. Kd2 Kc8 29. Rxa7 Re8 30. g3 Rd8+ 31. Kc2 Re8 32. Kd2 Rd8+ 33. Kc2 Re8 34. Rd1 Kb8 35. Rxh7 Kc8 36. a5 Re2+ 37. Rd2 Re8 38. a6 Kb8 39. f4 Ka8 40. h5 Nxf4 41. gxf4 f5 42. Rf7 Rh8 43. Rxf5 Rg8 44. Rd7 Re8 45. h6 Re2+ 46. Kb1 Re1+ 47. Ka2 Re8 48. h7 Rh8 49. Rg5 Kb8 50. Rg8+ 1-0

[Event "Hessen-ch U12"]
[Site "Bad Homburg"]
[Date "2012.??.??"]
[Round "3"]
[White "Bambey, Marius"]
[Black "Miketta, Johannes"]
[Result "1-0"]
[WhiteElo "806"]
[BlackElo "764"]
[PlyCount "65"]
[EventDate "2012.04.??"]
[EventType "swiss"]
[EventRounds "9"]
[EventCountry "GER"]
[SourceTitle "EXT 2015"]
[Source "ChessBase"]
[SourceDate "2014.11.20"]
[SourceVersion "1"]
[SourceVersionDate "2014.11.20"]
[SourceQuality "1"]

1. e4 e5 2. Nf3 Nc6 3. Nc3 Nf6 4. Bb5 Bb4 5. d3 d6 6. 0-0 0-0 7. Re1 Ng4 8. Bg5 Qe8 9. a3 Bxc3 10. bxc3 Qe6 11. Bxc6 bxc6 12. d4 Ba6 13. dxe5 dxe5 14. Bh4 Qh6 15. Bg3 Rab8 16. Nxe5 Qg5 17. Nxg4 Rfd8 18. Qf3 Rd2 19. Qf4 Qxf4 20. Bxf4 Rxc2 21. Bxc7 Rb7 22. Be5 f6 23. Bd4 Rd7 24. Be3 Rxc3 25. g3 c5 26. Rec1 Rxc1+ 27. Rxc1 Rc7 28. Rxc5 Rd7 29. Ra5 Bb7 30. Rxa7 Rc7 31. a4 Rd7 32. a5 Bxe4 33. Rxd7 1-0